Регионална библиотека "Любен Каравелов" - Русе

Изкуството на предимството (Запис номер 71780)

MARC детайли
000 -Лидер
Контролно поле с фиксирана дължина 02023nam a2200433 c 4500
003 - Код на организацията, давaща контролен номер
Контролно поле BLK
005 - Дата и час на последна редакция
Контролно поле 20200310160904.0
008 - Елементи от данни с фиксирана дължина
fixed length control field 180408b bul|||||r ||||||| ||bul||
010 ## - Наследен системен номер
LC control number KNG00076152000
020 ## - Международен стандартен номер на книга ISBN
Международен стандартен номер на книга ISBN 954-761-191-7
040 ## - Източник на каталожния запис
Идентификатор на билиотеката - собственик на записа BLK
041 ## - Код за език
Код за езика на текст/звукозапис или на отделно заглавие Български
Код за езика КДБФ Български
080 ## - УДК
Текстов определител УДК Етика на бизнеса. Успех
УДК код - определител по УДК 174.4
УДК определител (02.062)
УДК - код + определител 174.4(02.062)
080 ## - УДК
УДК код - определител по УДК 005.5
УДК определител (02.062)
УДК - код + определител 005.5(02.062)
Текстов определител УДК Методи на управление. Мениджмънт. Анализи, планиране, ръководство, сътрудничество, контрол, коопериране и др.
080 ## - УДК
Текстов определител УДК Икономическа психология. Икономическо поведение. Физиологични и психологични елементи. Интереси. Икономически дух
УДК код - определител по УДК 330.16
УДК определител (02.062)
УДК - код + определител 330.16(02.062)
100 1# - Редна дума - Автор
Автор Крипендорф, Кайхан
Авторска отговорност първи автор
R(LIN) 84233
139 ## - Редно поле
Редна дума Крипендорф, Кайхан
Авторски знак Кре - К 90
245 10 - Сведения за заглавието
Заглавие Изкуството на предимството
Подзаглавни данни Тридесет и шестте стратегеми за побеждаване на конкуренцията
Редно поле (дума) Кайхан Крипендорф; прев. Искра Ангелова.
257 ## - Страна на издаване
Страна на създаване/издаване Съединени американски щати
260 ## - Област на издателските данни
Име на издателя, разпространителя и проч. ИнфоДар
Година на издаване 2005
300 ## - Физическа характеристика
Страници 319 с.
Илюстрации и др. с ил., сх.
Размери/Мащаб 22 см
380 ## - Жанр
Жанр Общ отдел
500 ## - Общи забележки
Забележка Ориг. загл. The Art of the Advantage : 36 Strategies to Seize the Competitive Edge / Kaihan Krippendorff. - Офс. изд. - Библиогр. с. 311-319.
504 ## - Забележка за наличие на библиография и др
Забележка за наличие на библиография и под. 311-319
650 #4 - Допълнително описание по предмет – тема
Основно описание – тема или топоним Стопанска етика
9 (RLIN) 261791
650 #4 - Допълнително описание по предмет – тема
Основно описание – тема или топоним Успех
9 (RLIN) 174913
650 #4 - Допълнително описание по предмет – тема
Основно описание – тема или топоним Управленски труд
9 (RLIN) 244358
650 #4 - Допълнително описание по предмет – тема
Основно описание – тема или топоним Икономическо поведение
9 (RLIN) 245306
653 ## - Ключова дума – ненормативна
Ключова дума стопанска етика
653 ## - Ключова дума – ненормативна
Ключова дума успех
653 ## - Ключова дума – ненормативна
Ключова дума управленски труд
653 ## - Ключова дума – ненормативна
Ключова дума икономическо поведение
700 1# - Други автори (авторска отговорност)
Лично име Ангелова, Искра
Автороска отговорност (Описва отношението между автора и произведението) прев.
9 (RLIN) 371354
852 ## - Местоположение
Форматна сигнатура Цб 234701
856 4# - Електронен адрес и достъп
Електронен формат pdf - файл
856 4# - Електронен адрес и достъп
Електронен формат pdf - файл
999 ## - СИСТЕМНИ КОНТРОЛНИ НОМЕРА
Koha biblionumber 71780
Koha biblioitemnumber 71780
942 ## - АРТИКУЛИ
Вид на библиотечния материал Книги
Скрит в OPAC Не
Периодичен библиозапис Да
944 ## - СЪЗДАВАНЕ И РЕДАКЦИЯ на ЗАПИСА
Създаване/Редакция Създаване
Дата на регистрацията/редакция 02.07.2007
Служител, извършил регистрацията/редакцията Людмила_Стоянова
944 ## - СЪЗДАВАНЕ И РЕДАКЦИЯ на ЗАПИСА
Създаване/Редакция Редакция
Дата на регистрацията/редакция 06.07.2007
999 ## - СИСТЕМНИ КОНТРОЛНИ НОМЕРА
Koha biblioitemnumber 71780
999 ## - СИСТЕМНИ КОНТРОЛНИ НОМЕРА
Koha biblioitemnumber 71780
999 ## - СИСТЕМНИ КОНТРОЛНИ НОМЕРА
Koha biblioitemnumber 71780
Наличности
Код за отписване Код за изгубен артикул Код за повреда Коз за рестрикции Код за отдаване Артикулен № Име на библиотеката - собственик Име на библиотеката, в която се намира в момента Статус (Текущо местоположение) Дата на вписване в системата Местоположение - отдел Цена в лева Инвентарен номер Систематично азбучна сигнатура Баркод Номер на екземпляра Цена в евро Служебна бележка Служебен тип на артикула Източник на класификационната схема
  Не е изгубен Не е повреден без рестрикции ползва се в читалня 117125 Регионална библиотека "Любен Каравелов" Русе Регионална библиотека "Любен Каравелов" Русе Хранилище 2007-07-02 Хранилище 10.00 120000715217 Цб 234701 120000715217 1 5.11 Дост: Dp Вид: Д N: 6 Дата: 17.01.2007 Книги  
  Не е изгубен Не е повреден без рестрикции заемане за дома 688013 Регионална библиотека "Любен Каравелов" Русе Регионална библиотека "Любен Каравелов" Русе Заемна - подръчен фонд 2019-01-02 Заемна - подръчен фонд 12.99   005.5/К 90 120000828833   6.64   Книги Universal Decimal Classification
Vip Innovations Ltd, Rousse, Bulgaria 2025